Countries with Glaciers during the Ice Ages - Statistics

General Stats
  • This quiz has been taken 609 times
    182 since last reset
  • The average score is 72 of 90
Answer Stats
Continent Type Answer % Correct
Europe/Asia Continental Russia
99%
Europe Continental United Kingdom
98%
North America Continental United States
97%
North America Continental Canada
96%
Asia Continental China
96%
North America Mountain Mexico
96%
Europe Mountain Germany
92%
Europe Continental Sweden
92%
Europe Continental Finland
91%
Asia Mountain Japan
91%
South America Continental Argentina
90%
Oceania Mountain Australia
90%
South America Continental Chile
90%
Europe Mountain France
90%
Europe Continental Ireland
90%
Europe Mountain Italy
90%
Europe Continental Norway
90%
Europe Continental Poland
90%
Europe Continental Denmark
89%
Europe Mountain Spain
89%
Europe Continental Estonia
87%
Asia Mountain India
87%
Asia Mountain Mongolia
87%
Asia Mountain Nepal
87%
Oceania Mountain New Zealand
87%
Europe Mountain Austria
86%
South America Mountain Colombia
86%
Europe Continental Latvia
86%
Europe Mountain Switzerland
86%
South America Mountain Ecuador
85%
Europe Continental Lithuania
85%
South America Mountain Peru
85%
Asia Mountain Turkey
85%
South America Mountain Venezuela
85%
Asia Mountain Afghanistan
84%
Europe Mountain Andorra
84%
Asia Mountain Armenia
84%
Europe Continental Iceland
84%
Asia Mountain Kazakhstan
84%
Asia Mountain Pakistan
84%
Europe Mountain Romania
84%
Europe Mountain Ukraine
84%
Asia Mountain Bhutan
83%
South America Mountain Bolivia
83%
Europe Mountain Greece
83%
Europe Continental Netherlands
83%
Asia Mountain Azerbaijan
82%
Europe Continental Belarus
82%
Europe Mountain Bulgaria
81%
Asia Mountain Iran
81%
Asia Mountain North Korea (?)
81%
Europe Mountain Portugal
81%
Africa Mountain Algeria
80%
Asia Mountain Indonesia
80%
Asia Mountain Iraq
80%
Asia Mountain Uzbekistan
80%
Europe Mountain Albania
79%
Asia Mountain Georgia
79%
Europe Mountain Liechtenstein
79%
Europe Mountain Slovakia
79%
Europe Mountain Serbia
78%
Europe Mountain Slovenia
78%
Asia Mountain Tajikistan
78%
Africa Mountain Morocco
77%
Europe Mountain Croatia
75%
Africa Mountain Kenya
74%
Africa Mountain Tanzania
74%
Europe Mountain Bosnia and Herzegovina
73%
North America Mountain Guatemala
73%
Asia Mountain Kyrgyzstan
73%
Europe Mountain Czechia
72%
North America Mountain Panama(?)
72%
Africa Mountain Democratic Republic of the Congo
71%
Europe Mountain Kosovo
71%
Europe Mountain Montenegro
71%
North America Mountain Costa Rica
69%
Africa Mountain Ethiopia
69%
Europe Mountain North Macedonia
69%
Asia Mountain Syria (?)
69%
Oceania Mountain Papua New Guinea
66%
Africa Mountain Uganda
66%
Asia Mountain Myanmar
65%
Asia Mountain Lebanon
63%
North America Mountain Dominican Republic (?)
57%
Asia Mountain Yemen (?)
57%
Asia Mountain Malaysia
56%
Africa Mountain Lesotho (?)
55%
Asia Mountain Taiwan
52%
Africa Mountain Sudan (?)
51%
Africa Mountain Cameroon (?)
49%
No matching quizzes found
Score Distribution
Percent of People with Each Score
Percentile by Number Answered
Your Score History
You have not taken this quiz since the last reset